<?xml version="1.0" encoding="UTF-8"?>
<marc:record xmlns:marc="http://www.loc.gov/MARC21/slim">
   <marc:leader>00000nam a2200000 a 4500</marc:leader>
   <marc:datafield ind1="1" ind2=" " tag="100">
      <marc:subfield code="a">Die Eiskönigin - Olaf taut auf + Die Eiskönigin -</marc:subfield>
      <marc:subfield code="4">aut</marc:subfield>
      <marc:subfield code="e">Verfasser/-in</marc:subfield>
   </marc:datafield>
   <marc:datafield ind1="0" ind2="0" tag="245">
      <marc:subfield code="a">Die Eiskönigin - Olaf taut auf + Die Eiskönigin - Party Fieberf</marc:subfield>
   </marc:datafield>
   <marc:datafield ind1="0" ind2="0" tag="245">
      <marc:subfield code="b">Olaf's Frozen Adventure &amp; Frozen Fever</marc:subfield>
   </marc:datafield>
   <marc:datafield ind1=" " ind2="1" tag="264">
      <marc:subfield code="b">Walt Disney Studios Home Entertainment</marc:subfield>
      <marc:subfield code="c">2018</marc:subfield>
   </marc:datafield>
   <marc:datafield ind1="1" ind2=" " tag="490">
      <marc:subfield code="a">Deutsch, Englisch, Italienisch, Slowakisch, Spanisch, Tschechisch</marc:subfield>
   </marc:datafield>
   <marc:datafield ind1="1" ind2=" " tag="520">
      <marc:subfield code="a">Im Kurzfilm Die Eiskönigin - Olaf taut auf begibt sich Olaf zusammen mit Sven auf eine fröhliche Mission zur Rettung des Weihnachtsfests! Als Anna und Elsa beobachten, wie alle Bewohner von Arendelle das Fest auf ihre eigene besondere Weise gestalten, wird ihnen bewusst, dass sie noch keine Weihnachtstradition haben. Um den beiden dennoch eine unvergessliche Zeit zu bereiten, macht sich Olaf im gesamten Königreich auf die Suche nach den schönsten Weihnachtsbräuchen. Ein bezaubernder Weihnachtsfilm mit toller Musik, festlicher Stimmung und den beliebten Charakteren aus Die Eiskönigin!</marc:subfield>
   </marc:datafield>
</marc:record>
